Science Quiz

Random Science or Clickable Quiz

Prime Number Gallery Quiz Stats

 Plays Quiz Updated Mar 17, 2020

Support Sporcle.
Go Orange.
Score 0/25 Timer 01:30
3 Plays Today
% Correct
7
96.1%
3
95.3%
11
94.2%
13
93.6%
17
93.1%
5
91.1%
23
91.1%
19
89.6%
37
87.2%
31
86%
29
84.3%
47
79.6%
2
78.1%
% Correct
41
78%
43
77.4%
53
75.7%
59
65.6%
67
65.5%
61
63.9%
71
61.9%
73
56.7%
79
53%
83
48.1%
97
31.5%
89
31.3%

From the Vault

1970s Slang

by Hejman

Just start adopting this lexicon and see how long it takes for people to notice.
Remove Ads.
Support Sporcle.
Get the best of Sporcle when you Go Orange. This ad-free experience offers more features, more stats, and more fun while also helping to support Sporcle. Thank you for becoming a member.

Show Comments

Extras

Top Quizzes Today


Score Distribution

Your Account Isn't Verified!

In order to create a playlist on Sporcle, you need to verify the email address you used during registration. Go to your Sporcle Settings to finish the process.

Report this User

Report this user for behavior that violates our Community Guidelines.

Details: